Revolution in International Taxation
Všeobecné zmeny v medzinárodnom zdanení. Obmedzenie daňovej odpočítateľnosti úrokov. Smernica ATAD a stanovenie dane z výstupu. Všeobecné ustanovenia proti zneužívaniu.
Gespeichert in:
| 1. Verfasser: | |
|---|---|
| Weitere Verfasser: | |
| Format: | Buchkapitel |
| Sprache: | Englisch |
| Schlagworte: | |
| Tags: |
Keine Tags, Fügen Sie das erste Tag hinzu!
|
MARC
| LEADER | 00000naa$a2200000$$$4500 | ||
|---|---|---|---|
| 001 | 0250993 | ||
| 005 | 20240502074026.4 | ||
| 041 | 0 | |a eng | |
| 044 | |a SK | ||
| 245 | 1 | 0 | |a Revolution in International Taxation |c Anna Harumová, Branislav Kováč |
| 520 | |a Všeobecné zmeny v medzinárodnom zdanení. Obmedzenie daňovej odpočítateľnosti úrokov. Smernica ATAD a stanovenie dane z výstupu. Všeobecné ustanovenia proti zneužívaniu. | ||
| 610 | 2 | 0 | |a zákony |
| 610 | 2 | 0 | |a dane |
| 610 | 2 | 0 | |a dane globálne |
| 610 | 2 | 0 | |a súdy |
| 610 | 2 | 0 | |a podvody daňové |
| 100 | 1 | |a Harumová, Anna, 1955- | |
| 700 | 1 | |a Kováč, Branislav, 1976- | |